| 000 | 00908nam0a2200253 4500 | ||
|---|---|---|---|
| 001 | RU\NLR\bibl\1684755 | ||
| 005 | 20260408001157.0 | ||
| 035 | _a(NLR Aleph) 001675933 | ||
| 090 |
_a1070942 _c1070942 |
||
| 100 | _a20101008d2010 |||y0rusy50 ca | ||
| 101 | 0 | _arus | |
| 102 | _aRU | ||
| 105 | _aa ||||||||| | ||
| 200 | 1 |
_aАзербайджанский ковер _f[М-во культуры и туризма Азерб. Респ.] |
|
| 210 |
_a[Б.м. _cб.и. _d2010] |
||
| 215 |
_a35 с. _cцв. ил. _d27 |
||
| 606 | 1 |
_aКовры азербайджанские _92605609 _3RU\NLR\auth\661542167 |
|
| 686 | _aЩ126.23(2А) | ||
| 712 | 0 | 1 |
_4570 _aАзербайджанская Республика _bМинистерство культуры и туризма _3RU\NLR\AUTH\8810165337 _9826700 |
| 801 | 0 |
_aRU _bNLR _c20101008 _gRCR |
|
| 801 | 1 |
_aRU _bNLR _c20101008 |
|
| 942 | _cBOOK | ||
| 980 | _aNB | ||